| 000 | 00499nam a2200169 i 4500 | ||
|---|---|---|---|
| 001 | 145577 | ||
| 003 | ES-MaACL | ||
| 005 | 20230906201248.0 | ||
| 007 | t| | ||
| 008 | 071015s1976 fr ||||1| fre d | ||
| 020 | _a2-02-004508-7 | ||
| 100 | 1 |
_aVeyne, Paul. _9114238 |
|
| 245 | 1 | 2 |
_aL'inventaire des différences _b: leçon inaugurale au Collège de France / _cPaul Veyne. |
| 260 |
_aParis : _bEditions du Seuil, _c[1976] |
||
| 300 |
_a61 p. ; _c21 cm. |
||
| 852 |
_aES-MaACL _jL-11136 _bR.112781 |
||
| 999 |
_c145577 _d145577 |
||